| 000 -LEADER |
| fixed length control field |
01599nam a22003257a 4500 |
| 003 - CONTROL NUMBER IDENTIFIER |
| control field |
OSt |
| 005 - DATE AND TIME OF LATEST TRANSACTION |
| control field |
20251204101707.0 |
| 008 - FIXED-LENGTH DATA ELEMENTS--GENERAL INFORMATION |
| fixed length control field |
251204b ||||| |||| 00| 0 eng d |
| 020 ## - INTERNATIONAL STANDARD BOOK NUMBER |
| International Standard Book Number |
9781250849885 |
| 040 ## - CATALOGING SOURCE |
| Original cataloging agency |
NjBwBT |
| Language of cataloging |
eng |
| Description conventions |
rda |
| Transcribing agency |
FMG |
| Modifying agency |
FMG |
| -- |
IK2 |
| -- |
OCLCQ |
| -- |
OJ4 |
| -- |
JBI |
| -- |
RNL |
| -- |
ORX |
| -- |
NYP |
| -- |
CaOL |
| -- |
KH8 |
| 082 ## - DEWEY DECIMAL CLASSIFICATION NUMBER |
| Classification number |
741.5 GRE |
| 100 1# - MAIN ENTRY--PERSONAL NAME |
| Personal name |
Green, John Patrick |
| Relator term |
author |
| -- |
illustrator |
| 245 10 - TITLE STATEMENT |
| Title |
InvestiGators |
| Name of part/section of a work |
Heist and seek |
| Statement of responsibility, etc. |
written and illustrated by John Patrick Green ; with color by Wes Dzioba. |
| 246 33 - VARYING FORM OF TITLE |
| Title proper/short title |
Investi Gators |
| Name of part/section of a work |
Heist and see |
| 246 30 - VARYING FORM OF TITLE |
| Title proper/short title |
Heist and seek |
| 246 33 - VARYING FORM OF TITLE |
| Title proper/short title |
Heist & seek |
| 264 #1 - PRODUCTION, PUBLICATION, DISTRIBUTION, MANUFACTURE, AND COPYRIGHT NOTICE |
| Place of production, publication, distribution, manufacture |
New York |
| Name of producer, publisher, distributor, manufacturer |
First Second |
| Date of production, publication, distribution, manufacture, or copyright notice |
2022 |
| 264 #4 - PRODUCTION, PUBLICATION, DISTRIBUTION, MANUFACTURE, AND COPYRIGHT NOTICE |
| Date of production, publication, distribution, manufacture, or copyright notice |
©2022 |
| 300 ## - PHYSICAL DESCRIPTION |
| Extent |
201 pages |
| Other physical details |
colour illustrations |
| Dimensions |
22 cm |
| 490 1# - SERIES STATEMENT |
| Series statement |
InvestiGators (Series) |
| 520 ## - SUMMARY, ETC. |
| Summary, etc. |
"When rare paintings go missing, the InvestiGators are called on the scene...the ART SCENE! Mango and Brash go undercover and under canvas as internationally renowned painters to expose a crook who has truly mastered the art of CRIME! Can they recover the missing masterpieces and save the city art museum's fundraising gala before it's too late...and they run out of appetizers? Find out in this latest pièce de résistance of action-packed illustrated fun."-- Provided by publisher. |
| 650 #0 - SUBJECT ADDED ENTRY--TOPICAL TERM |
| Topical term or geographic name entry element |
Alligators |
| Form subdivision |
Juvenile fiction. |
| 650 #0 - SUBJECT ADDED ENTRY--TOPICAL TERM |
| Topical term or geographic name entry element |
Private investigators |
| Form subdivision |
Juvenile fiction. |
| 650 #0 - SUBJECT ADDED ENTRY--TOPICAL TERM |
| Topical term or geographic name entry element |
Art thefts |
| Form subdivision |
Juvenile fiction. |
| 650 #0 - SUBJECT ADDED ENTRY--TOPICAL TERM |
| Topical term or geographic name entry element |
Undercover operations |
| Form subdivision |
Juvenile fiction. |
| 650 #7 - SUBJECT ADDED ENTRY--TOPICAL TERM |
| Topical term or geographic name entry element |
Graphic novels. |
| Source of heading or term |
genre. |
| 700 1# - ADDED ENTRY--PERSONAL NAME |
| Personal name |
Dzioba, Wes, |
| Relator term |
colorist. |
| 830 #0 - SERIES ADDED ENTRY--UNIFORM TITLE |
| Uniform title |
InvestiGators (Series) |
| 942 ## - ADDED ENTRY ELEMENTS (KOHA) |
| Source of classification or shelving scheme |
|
| Koha item type |
Graphic Novel |